ASP.NET: (Record no. 455)
[ view plain ]
| 000 -LEADER | |
|---|---|
| fixed length control field | 00586nac a22001811u 4500 |
| 008 - FIXED-LENGTH DATA ELEMENTS--GENERAL INFORMATION | |
| fixed length control field | 100116s2002 -us|||||r|||| 00| 0 eng d |
| 020 ## - INTERNATIONAL STANDARD BOOK NUMBER | |
| International Standard Book Number | 1928994512 |
| 082 ## - DEWEY DECIMAL CLASSIFICATION NUMBER | |
| Classification number | 005.276 |
| Edition number | 22 |
| Item number | ASP |
| 100 ## - MAIN ENTRY--PERSONAL NAME | |
| Personal name | 20080729 |
| 9 (RLIN) | 10350 |
| 245 ## - TITLE STATEMENT | |
| Title | ASP.NET: |
| Remainder of title | Web developer's guide/ |
| Statement of responsibility, etc | Mesbah Ahmed...(et al). |
| 260 ## - PUBLICATION, DISTRIBUTION, ETC. (IMPRINT) | |
| Place of publication, distribution, etc | Rockland, USA |
| Name of publisher, distributor, etc | Global knowledge,2002 |
| Date of publication, distribution, etc | 2002. |
| 300 ## - PHYSICAL DESCRIPTION | |
| Extent | 695 p.: |
| Other physical details | ill.; |
| Dimensions | 24 cm. |
| 650 ## - SUBJECT ADDED ENTRY--TOPICAL TERM | |
| Topical term or geographic name as entry element | Microsoft.net |
| 9 (RLIN) | 10351 |
| 650 ## - SUBJECT ADDED ENTRY--TOPICAL TERM | |
| Topical term or geographic name as entry element | Web sites |
| General subdivision | design |
| 9 (RLIN) | 10352 |
| 650 ## - SUBJECT ADDED ENTRY--TOPICAL TERM | |
| Topical term or geographic name as entry element | Internet programming |
| 9 (RLIN) | 10353 |
| 700 ## - ADDED ENTRY--PERSONAL NAME | |
| Personal name | Ahmed, Mesbah |
| 9 (RLIN) | 10354 |
| 942 ## - ADDED ENTRY ELEMENTS (KOHA) | |
| Item type | Book - Borrowing |
| Call number prefix | 005.276 ASP |
| Source of classification or shelving scheme | Dewey Decimal Classification |
| Withdrawn status | Item status | Source of classification or shelving scheme | Damaged status | Not for loan | Vendor | Home library | Current library | Shelving location | Date acquired | Source of acquisition | Total Checkouts | Total Renewals | Full call number | Barcode | Date last seen | Date last borrowed | Koha item type |
|---|---|---|---|---|---|---|---|---|---|---|---|---|---|---|---|---|---|
| Dewey Decimal Classification | Baccah | Central Library | Central Library | Lower Floor | 21/05/2006 | 2 | 6 | 005.276 ASP | 000004169 | 15/07/2025 | 06/12/2009 | Book - Borrowing | |||||
| Dewey Decimal Classification | Central Library | Central Library | Lower Floor | 17/05/2010 | 005.276 ASP | 000014273 | 24/08/2022 | CD | DVD - With book |